000 00578nam a22001937a 4500
003 OSt
005 20251024021622.0
008 251021b |||||||| |||| 00| 0 eng d
020 _a1-55934-824-0.
040 _aDWCL-Main lib
_cOC
082 _aCirc. 330 Eg28w 1997
100 _aEggert, James
245 _aWhat is economics?
260 _aLondon :
_bmayfield Publishing Co.,
_cc1997.
300 _axiv, 225 p.ages :
_billustration ;
_c23 cm.
504 _aIncludes bibliographical references and index.
650 _21. Economics.
942 _2ddc
_cBK-CIRC
_e4th ed.
_kCirc.
_n0
999 _c4950
_d4950